000
00277nam a2200121Ia 4500
008
190216s9999||||xx |||||||||||||| ||und||
100
_a
Sankaran S
245
0
_a
Economics And Development Of India
260
_b
New Heights
300
_a
994p
650
_a
Commerce
942
_c
BK
999
_c
9325
_d
9325